000 00720nam a2200217Ia 4500
003 GCL
008 140319s9999 xx 000 0 ara d
020 _a5846086977
040 _aGCL /
_cGCL
082 0 4 _a302.12
_bا ت
100 1 _aاحمد سيد خليل
245 1 0 _aالتربية وقضايا المجتمع /
_cاحمد سيد خليل
250 _aالاولى
260 _aالقاهرة :
_bالدار العالمية للنشر والتوزيع ،
_c2006
300 _a302 ص ؛
_c24 سم
650 0 4 _aالسلوك الاجتماعى
650 0 4 _aالتغير الاجتماعى
650 0 4 _aالتكيف الاجتماعى
650 0 4 _aالتفاعل الاجتماعى
942 _2ddc
_cBK
999 _c8071
_d8071